000 00393cam a22001337a 4500
008 180718b1877 xxu||||| |||| 00| 0 eng d
082 _aA6x42 St93
100 _aStubbs, William
245 _aEarly plantagenets
_cby William Stubbs
260 _aLondon
_bLongmans, Green
_c1877
300 _a286p
650 _aGreat Britain --History --Plantagenets, 1154-1399
650 _aPlantagenet, House of
999 _c427637
_d427637